000 01296cam a22003253a 4500
001 1587
005 20231124152605.0
020 _a076714003996
040 _aEOW
_cEOW
_dIHI
_dSLC
_dOCL
_dDLC
_beng
050 0 0 _aPZ7.D644
082 _a303
100 1 _aDixon, Franklin W.
245 1 0 _aJump shot detectives /
_cFranklin W. Dixon ; illustrated by Marcy Ramsey.
250 _aFirst Minstrel Books printing January 1998
260 _aNew York :
_bPocket Books,
_c1998
300 _a73 pages :
_billustrations ;
_c20 cm
490 1 _aFrank and Joe Hardy, the clues brothers ;
_vBook 4
500 _a"A Minstrel book."
505 _aK
520 _aThe popular Hardy boys feature as the Clues Brothers in a series aimed at younger readers. In this episode, Frank tries out for the basketball team and Joe videotapes his brother in action. But the tape is stolen and the boys must act fast to keep Frank's dreams of sports success alive.
521 0 _a510
_bLexile
521 1 _aK
_bRaz-Plus
650 0 _aBasketball stories
650 0 _aDetective and mystery stories.
655 7 _aChildren's stories.
_2lcsh
655 7 _aMystery fiction.
_2gsafd
700 1 _aRamsey, Marcy Dunn
_eillustrator
906 _a7
_bcbc
_ccopycat
_d2
_encip
_f20
_gy-genrareb
942 _2ddc
_cBK
_n0
999 _c1587
_d1587